Global recovery or global disaster? (Record no. 107920)

MARC details
000 -LEADER
fixed length control field 01450cad a22002535a 4500
001 - CONTROL NUMBER
control field L142593
008 - FIXED-LENGTH DATA ELEMENTS--GENERAL INFORMATION
fixed length control field 080225s2008 xxk f v 000 0 eng d
035 ## - SYSTEM CONTROL NUMBER
System control number (Sirsi) u142593
041 0# - LANGUAGE CODE
Language code of text/sound track or separate title eng
050 04 - LIBRARY OF CONGRESS CALL NUMBER
Classification number 692.8 $2 18
100 1# - MAIN ENTRY--PERSONAL NAME
Personal name Eyssell, Kimberley
245 00 - TITLE STATEMENT
Title Global recovery or global disaster?
Medium [electronic resource]
260 ## - PUBLICATION, DISTRIBUTION, ETC.
Place of publication, distribution, etc. London
Name of publisher, distributor, etc. RICS
Date of publication, distribution, etc. 2008
520 ## - SUMMARY, ETC.
Summary, etc. Global claims (sometimes referred to as total cost, rolled up or actual total cost claims) are a common phenomenon in the construction and engineering industries, especially in delay or disruption claims. Covers: definitions; problems with global claims. Considers whether such claims are valid in law, in the light of recent judgements, including John Doyle Construction v Laing Management [2007] EWHC 1589. Outlines practical steps to protect against such claims. Considers what to do if there are no records.
590 ## - LOCAL NOTE (RLIN)
Local note KA
650 24 - SUBJECT ADDED ENTRY--TOPICAL TERM
Topical term or geographic name entry element SOCIETY OF CONSTRUCTION LAW DELAY AND DISRUPTION PROTOCOL
650 24 - SUBJECT ADDED ENTRY--TOPICAL TERM
Topical term or geographic name entry element PETROMEC INC V PETROLEO BRASILEIRO SA
650 24 - SUBJECT ADDED ENTRY--TOPICAL TERM
Topical term or geographic name entry element UNDERGROUND LTD V CITYLINK TELECOMMUNICATIONS LTD
650 24 - SUBJECT ADDED ENTRY--TOPICAL TERM
Topical term or geographic name entry element JOHN DOYLE CONSTRUCTION LTD V LAING MANAGEMENT (SCOTLAND) LTD
651 #4 - SUBJECT ADDED ENTRY--GEOGRAPHIC NAME
Geographic name International
690 ## - LOCAL SUBJECT ADDED ENTRY--TOPICAL TERM (OCLC, RLIN)
Topical term or geographic name as entry element BUILT ENVIRONMENT-CONSTRUCTION MANAGEMENT-BUILDING CONTRACT ADMINISTRATION
856 41 - ELECTRONIC LOCATION AND ACCESS
Uniform Resource Identifier <a href="https://www.rics.org/RICSWEB/getpage.aspx?p=fRGZJK5xCEqBwzBll24zhA">https://www.rics.org/RICSWEB/getpage.aspx?p=fRGZJK5xCEqBwzBll24zhA</a>
Public note View the document free of charge at www.rics.org...
942 ## - ADDED ENTRY ELEMENTS (KOHA)
Suppress in OPAC 0
Holdings
Withdrawn status Lost status Source of classification or shelving scheme Damaged status Not for loan Home library Current library Shelving location Date acquired Total Checkouts Full call number Barcode Date last seen Copy number Price effective from Koha item type
    Dewey Decimal Classification     Virtual Virtual Online 25/02/2008   ONLINE PUBLICATION 142593-1001 06/08/2019 1 06/08/2019 Book